| 000 | 00000nam##2200000za#4500 |
| 001 | 9.558075 |
| 003 | CaOODSP |
| 005 | 20230131161132 |
| 007 | cr ||||||||||| |
| 008 | 150406|2002||||xxc|||||o f|0| 0 eng|d |
| 020 | |a0-662-31675-4 |
| 022 | |a1701-4387 |
| 040 | |aCaOODSP|beng |
| 043 | |an-cn--- |
| 086 | 1 |aM44-2002/D5E-IN |
| 110 | 2 |aGeological Survey of Canada. |
| 245 | 10|aLithogeochemistry of Ordovician sedimentary rocks associated with Ni-Co stream-silt anomalies along Ritchie Brook, Kedgwick map area, northern New Brunswick / |h[electronic resource]|c[by] J.I. Carroll. |
| 260 | |aOttawa - Ontario : |bNatural Resources Canada. |c2002. |
| 300 | |a17p.|bcoloured maps, graphs, references, tables |
| 490 | 1 |aCurrent research 2002|x1701-4387|v2002-D5 |
| 546 | |a(Résumé en français.) |
| 590 | |a14-03-Supp|b2014-01-17 |
| 830 | #0|aCurrent research (Geological Survey of Canada)|x1701-4387|v2002-D5|w(CaOODSP)9.506236 |
| 856 | 40|ahttp://publications.gc.ca|qPDF|s507 KB|uhttps://publications.gc.ca/collections/collection_2013/rncan-nrcan/M44-2002-D5-eng.pdf|y2002-D5 |